Parallel thinking from socratic to de Bono Thinking
| Main Author: | |
|---|---|
| Format: | Book |
| Published: |
London :
Penguin Groups ,
1994
|
| Subjects: |
MARC
| LEADER | 00000cam a2200000 7i4500 | ||
|---|---|---|---|
| 001 | 0000008204 | ||
| 002 | 000008947 | ||
| 005 | 20000330.0 | ||
| 020 | |a 0670851264 | ||
| 090 | 0 | 0 | |a 153.42 |b DEB |
| 100 | 1 | |a De Bono, Edward | |
| 245 | 1 | 0 | |a Parallel thinking from socratic to de Bono Thinking |c Edward de Bono |
| 260 | |a London : |b Penguin Groups , |c 1994 | ||
| 650 | 0 | 0 | |a Creative thinking |
| 650 | 0 | 0 | |a Thought and thinking |
| 999 | |a 041914 |b BUKU |c PINJAMAN |e PERPUSTAKAAN KOMUNITI PETALING JAYA | ||
| 999 | |a 0491941 |b BUKU |c PINJAMAN |e PERPUSTAKAAN KOMUNITI PETALING JAYA | ||